| 000 | 01332cam a22003974a 4500 | ||
|---|---|---|---|
| 001 | 13929763 | ||
| 003 | OSt | ||
| 005 | 20260129091238.0 | ||
| 008 | 050414s2005 caua 001 0 eng | ||
| 010 | _a 2005010701 | ||
| 020 |
_a0941355594 _qpbk. : acid-free paper |
||
| 020 | _a9780941355599 | ||
| 035 | _a13929763 | ||
| 035 | _a(OCoLC)59148606 | ||
| 040 |
_aDLC _cDLC _dOCLCQ _dBAKER _dMDY _dC#P _dDLC |
||
| 042 | _apcc | ||
| 050 | 0 | 0 |
_aQA135.6 _b.C654 2005 |
| 082 | 0 | 0 |
_a372.7 _222 |
| 100 | 1 | _aConfer, Chris. | |
| 245 | 1 | 0 |
_aTeaching number sense, grade 1 / _cChris Confer. |
| 260 |
_aSausalito, CA : _bMath Solutions Publications, _cc2005. |
||
| 300 |
_axviii, 137 p. : _bill. ; _c28 cm. |
||
| 336 |
_atext _btxt _2rdacontent |
||
| 337 |
_aunmediated _bn _2rdamedia |
||
| 338 |
_avolume _bnc _2rdacarrier |
||
| 500 | _aIncludes index. | ||
| 650 | 0 |
_aMathematics _xStudy and teaching (Primary) |
|
| 650 | 0 | _aNumeration. | |
| 650 | 0 | _aCounting. | |
| 650 | 0 | _aArithmetic. | |
| 856 | 4 | 1 |
_3Table of contents _uhttp://www.loc.gov/catdir/toc/ecip0511/2005010701.html |
| 906 |
_a7 _bcbc _corignew _d1 _eecip _f20 _gy-gencatlg |
||
| 942 |
_2lcc _cBK |
||
| 999 |
_c265796 _d265795 |
||